| Record ID | ia:foe0000coet_z6j2 |
| Source | Internet Archive |
| Download MARC XML | https://archive.org/download/foe0000coet_z6j2/foe0000coet_z6j2_marc.xml |
| Download MARC binary | https://www.archive.org/download/foe0000coet_z6j2/foe0000coet_z6j2_meta.mrc |
LEADER: 02289cam 2200457Mi 4500
001 ocn915155156
003 OCoLC
005 20220608172438.0
008 150401r20151986enk 000 f eng d
040 $aNLE$beng$erda$cNLE$dOCLCO$dYDXCP$dOCLCF$dOCLCO$dNZLPP$dOCLCQ$dOCLCO$dU9X$dUKROH$dOCLCO$dUNITY$dOCLCO$dUKUSR$dOCLCO
015 $aGBB569295$2bnb
020 $a9780241973691$q(pbk.)
020 $a0241973694$q(pbk.)
035 $a(OCoLC)915155156
050 14 $aPR6053.O32F6
082 04 $a823.914$223
100 1 $aCoetzee, J. M.,$d1940-$eauthor.
245 10 $aFoe /$cJ.M. Coetzee.
264 1 $aLondon :$bPenguin Books,$c2015.
264 4 $c©1986
300 $a1 volume ;$c19 cm.
336 $atext$btxt$2rdacontent
337 $aunmediated$bn$2rdamedia
338 $avolume$bnc$2rdacarrier
490 1 $aPenguin essentials
500 $aOriginally published: London: Secker & Warburg, 1986.
520 $aIn the early eighteenth century, Susan Barton finds herself adrift from a mutinous ship and cast ashore on a remote desert island. There she finds shelter with its only other inhabitants: a man named Cruso and his tongueless slave, Friday. In time, she builds a life for herself as Cruso's companion and, eventually, his lover. At last they are rescued by a passing ship, but only she and Friday survive the journey back to London. Determined to have her story told, she pursues the eminent man of letters Daniel Foe in the hope that he will relate truthfully her memories to the world. But with Cruso dead, Friday incapable of speech and Foe himself intent on reshaping her narrative, Barton struggles to maintain her grip on the past, only to fall victim to the seduction of storytelling itself.
650 0 $aShipwreck survival$vFiction.
650 7 $aShipwreck survival.$2fast$0(OCoLC)fst01761960
655 7 $aDidactic fiction.$2lcgft
655 7 $aGeneral.$2eflch
655 7 $aDidactic fiction.$2fast$0(OCoLC)fst01726584
655 7 $aFiction.$2fast$0(OCoLC)fst01423787
655 7 $aGeneral.$2ukslc
830 0 $aPenguin essentials.
938 $aYBP Library Services$bYANK$n12310755
029 1 $aNZ1$b16120886
029 1 $aUKDEL$b136385699
029 1 $aUNITY$b136385699
994 $aZ0$bIME
948 $hNO HOLDINGS IN IME - 26 OTHER HOLDINGS